[Event "38th Asia-ch U20"]
[Site "New Delhi IND"]
[Date "2016.05.04"]
[Round "1"]
[White "Aravindh, Chithambaram Vr"]
[Black "Avik, Sarker"]
[Result "1-0"]
[WhiteElo "2528"]
[BlackElo "2061"]
[EventDate "2016.05.04"]
[PlyCount "0"]

1.e4 e5 2.Nf3 Nf6 3.Nc3 Bb4 4.Bc4 O-O 5.O-O Bxc3 6.dxc3 d6 7.Nd2 Nc6 8.Re1
Ne7 9.Nf1 Ng6 10.Bd3 Be6 11.c4 Qd7 12.Bg5 Ne8 13.Ng3 h6 14.Be3 Ne7 15.Qd2 
c6 16.Rad1 f5 17.exf5 Nxf5 18.Nxf5 Bxf5 19.Bf1 Qf7 20.f3 Be6 21.Qc3 b6 22.
Bf2 Bf5 23.a4 Qg6 24.Rd2 e4 25.Bg3 exf3 26.Qxf3 Rc8 27.Qb3 Kh8 28.Rf2 Rf7 
29.Qf3 Rf6 30.Bh4 Bg4 31.Qg3 Rxf2 32.Qxf2 Qf5 33.Qe3 Qc5 34.Bd3 g5 35.Qxc5
dxc5 36.Bg3 Ng7 37.Re7 Re8 38.Rxe8+ Nxe8 39.Bb8 Nf6 40.Bxa7 Nd7 41.Be4 Kg7
42.Bxc6 Kf6 43.h3 Be6 44.Kf2 Ke5 45.b3 Kd6 46.Be4 g4 47.h4 Kc7 48.Ke3 Nf6 
49.Ba8 Bf5 50.c3 Bc2 51.b4 Bxa4 52.bxc5 bxc5 53.Bxc5 Nd7 54.Bd4 Bc6 55.
Bxc6 Kxc6 56.Kf4 h5 1-0

[Event "38th Asia-ch U20"]
[Site "New Delhi IND"]
[Date "2016.05.04"]
[Round "1"]
[White "Adhithya, S"]
[Black "Karthikeyan, Murali"]
[Result "0-1"]
[WhiteElo "2055"]
[BlackElo "2518"]
[EventDate "2016.05.04"]
[PlyCount "0"]

1.c4 Nf6 2.Nc3 g6 3.e4 d6 4.d3 Bg7 5.g3 O-O 6.Bg2 c5 7.Nge2 Nc6 8.O-O Rb8 
9.h3 a6 10.f4 Nd4 11.Be3 Ne8 12.Rb1 b5 13.Qd2 b4 14.Nd1 f5 15.Nf2 Bb7 16.
Rbe1 Nc7 17.Bxd4 cxd4 18.exf5 Bxg2 19.Kxg2 gxf5 20.Ng1 Qd7 21.Nf3 Rbe8 22.
Kh2 Qc6 23.Qd1 e5 24.Ng5 h6 25.Nf3 Kh7 26.Nh4 e4 27.Qh5 e3 28.Nh1 Qd7 29.
Re2 Qf7 30.Qf3 Ne6 31.Rd1 Nc5 32.Qc6 Re6 33.Nf3 Qb7 34.Qxb7 Nxb7 35.Kg2 
Nc5 36.Ne1 b3 37.a3 Rc8 38.Kf3 h5 39.g4 fxg4+ 40.hxg4 hxg4+ 41.Kxg4 Rg6+ 
42.Kf3 Bh6 43.Ng3 Rf8 44.f5 Nd7 45.Rg2 Ne5+ 46.Ke2 Rg4 47.Nf3 Rxf5 48.Nxd4
Rfg5 49.Ne6 Rg6 50.Rh2 Rxe6 51.Nf5 Nf7 52.Rf1 Kg8 53.d4 Bf4 54.d5 Re5 55.
Kf3 Bxh2 56.Kxg4 e2 57.Re1 Re4+ 58.Kf3 Ng5+ 59.Kg2 Be5 60.c5 dxc5 61.d6 
Kf8 62.d7 Bc7 63.Ng3 Rg4 64.d8=Q+ Bxd8 65.Rxe2 Bc7 66.Re3 Rxg3+ 67.Rxg3 
Bxg3 68.Kxg3 c4 0-1

[Event "38th Asia-ch U20"]
[Site "New Delhi IND"]
[Date "2016.05.04"]
[Round "1"]
[White "Sunilduth Lyna, Narayanan"]
[Black "Srijit, Paul"]
[Result "1-0"]
[WhiteElo "2507"]
[BlackElo "2053"]
[EventDate "2016.05.04"]
[PlyCount "0"]

1.d4 f5 2.Bg5 h6 3.Bh4 g5 4.e3 Nf6 5.Bg3 d6 6.h4 Rg8 7.Nc3 e6 8.hxg5 hxg5 
9.Qd2 Qe7 10.O-O-O Bd7 11.f3 Bc6 12.Bd3 Bg7 13.e4 f4 14.Bf2 e5 15.Bc4 Rf8 
16.dxe5 Qxe5 17.Bd4 Qa5 18.e5 dxe5 19.Bb6 1-0

[Event "38th Asia-ch U20"]
[Site "New Delhi IND"]
[Date "2016.05.04"]
[Round "1"]
[White "Baivab, Mishra"]
[Black "Mosadeghpour, Masoud"]
[Result "0-1"]
[WhiteElo "2042"]
[BlackElo "2481"]
[EventDate "2016.05.04"]
[PlyCount "0"]

1.e4 e5 2.Nf3 Nf6 3.Nxe5 d6 4.Nf3 Nxe4 5.c4 Nc6 6.Nc3 Nxc3 7.dxc3 g6 8.Be3
Bg7 9.Qd2 Bg4 10.Be2 Qd7 11.h3 Bf5 12.Nd4 Nxd4 13.cxd4 d5 14.Bf3 dxc4 15.
Bxb7 Rb8 16.Bf3 Bd3 17.Be2 Bxd4 18.Bxd3 cxd3 19.Qxd3 Bxb2 20.Rd1 Qxd3 21.
Rxd3 O-O 22.Bxa7 Ra8 23.Rb3 Rfe8+ 24.Kd2 Bf6 25.Rb7 Rad8+ 26.Kc1 Re2 27.
Rd1 Bb2+ 28.Rxb2 Rxd1+ 29.Kxd1 Rxb2 30.a3 f5 31.Kc1 Rb3 32.a4 Ra3 33.Kb2 
0-1

[Event "38th Asia-ch U20"]
[Site "New Delhi IND"]
[Date "2016.05.04"]
[Round "1"]
[White "Mousavi, Seyed Khalil"]
[Black "Hemanth, Raam"]
[Result "1-0"]
[WhiteElo "2425"]
[BlackElo "2042"]
[EventDate "2016.05.04"]
[PlyCount "0"]

1.c4 e5 2.Nc3 Nf6 3.Nf3 Nc6 4.e4 g6 5.d4 exd4 6.Nxd4 d6 7.Be2 Bg7 8.Nc2 
Be6 9.O-O Nd7 10.f4 Nc5 11.f5 Bd7 12.Nd5 Be5 13.Bf4 Nxe4 14.Bf3 Bxf4 15.
Nxf4 Nf6 16.Bxc6 bxc6 17.Qe1+ Kf8 18.fxg6 hxg6 19.Qc3 Rh6 20.Nd4 Kg8 21.
Rae1 Rb8 22.Nf3 Bf5 23.b3 Ne4 24.Qe3 g5 25.Nd4 Bh7 26.Nxc6 1-0

[Event "38th Asia-ch U20"]
[Site "New Delhi IND"]
[Date "2016.05.04"]
[Round "1"]
[White "Subhayan, Kundu"]
[Black "Javanbakht, Nima"]
[Result "1/2-1/2"]
[WhiteElo "2033"]
[BlackElo "2417"]
[EventDate "2016.05.04"]
[PlyCount "0"]

1.e4 c5 2.Nf3 Nc6 3.Bb5 g6 4.Bxc6 dxc6 5.O-O Bg7 6.h3 b6 7.d3 Nh6 8.Nc3 
O-O 9.Be3 f5 10.Qd2 Nf7 11.exf5 gxf5 12.Nh2 e5 13.f4 exf4 14.Bxf4 Bd7 15.
Rae1 Qf6 16.Nf3 Rae8 17.Qf2 Kh8 18.Kh1 Qg6 19.a4 Rg8 20.Rxe8 Rxe8 21.Re1 
Rxe1+ 22.Qxe1 Qe6 23.Qxe6 Bxe6 24.Bb8 a6 25.Ba7 Ne5 26.Nxe5 Bxe5 27.Bxb6 
Bxc3 28.bxc3 Ba2 29.Bxc5 Bb1 30.a5 Bxc2 1/2-1/2

[Event "38th Asia-ch U20"]
[Site "New Delhi IND"]
[Date "2016.05.04"]
[Round "1"]
[White "Karthik, V. Ap"]
[Black "Nayak, Rajesh"]
[Result "1-0"]
[WhiteElo "2366"]
[BlackElo "2028"]
[EventDate "2016.05.04"]
[PlyCount "0"]

1.d4 Nf6 2.c4 g6 3.Nc3 Bg7 4.e4 d6 5.Nf3 O-O 6.Be2 Nbd7 7.O-O e5 8.Be3 Re8
9.d5 Ng4 10.Bg5 f6 11.Bd2 Nh6 12.b4 Nf7 13.Qc2 f5 14.Rac1 f4 15.c5 a6 16.
c6 Nf6 17.cxb7 Bxb7 18.Nb1 Rc8 19.b5 axb5 20.Bxb5 Re7 21.a4 Nxd5 22.exd5 
Bxd5 23.Ne1 c5 24.Rd1 Ba8 25.Nc3 d5 26.Bc1 d4 27.Bc4 Kh8 28.Nb5 Qb6 29.f3 
Nh6 30.Nd3 Nf5 31.Nf2 Ne3 32.Bxe3 fxe3 33.Ne4 Rd8 34.Bd3 Rc8 1-0

[Event "38th Asia-ch U20"]
[Site "New Delhi IND"]
[Date "2016.05.04"]
[Round "1"]
[White "Gandhi, Anish"]
[Black "Arjun, Kalyan"]
[Result "1/2-1/2"]
[WhiteElo "2025"]
[BlackElo "2347"]
[EventDate "2016.05.04"]
[PlyCount "0"]

1.e4 c5 2.Nf3 d6 3.d4 cxd4 4.Nxd4 Nf6 5.Nc3 e6 6.Bg5 Be7 7.Qd2 a6 8.O-O-O 
b5 9.Bxf6 Bxf6 10.f4 Bb7 11.a3 Nd7 12.g4 Be7 13.g5 Rc8 14.h4 Nc5 15.Bg2 
Qa5 16.e5 b4 17.Nb1 Bxg2 18.axb4 Qa2 19.bxc5 Bxh1 20.cxd6 Bxd6 21.exd6 Bd5
22.Nf5 exf5 23.Qe3+ Be4 24.d7+ Ke7 25.dxc8=N+ Rxc8 26.Rd2 Qc4 27.Nc3 Kf8 
28.h5 Re8 29.h6 Qf1+ 30.Rd1 Qg2 31.Rd2 Qf1+ 32.Rd1 Qg2 33.Rd2 1/2-1/2

[Event "38th Asia-ch U20"]
[Site "New Delhi IND"]
[Date "2016.05.04"]
[Round "1"]
[White "Harsha, Bharathakoti"]
[Black "Nazarov, Rustem"]
[Result "1-0"]
[WhiteElo "2329"]
[BlackElo "1998"]
[EventDate "2016.05.04"]
[PlyCount "0"]

1.d4 Nf6 2.c4 g6 3.Nc3 Bg7 4.e4 d6 5.Nf3 O-O 6.h3 e5 7.d5 Nbd7 8.Bg5 h6 9.
Be3 a5 10.Bd3 b6 11.Qd2 Kh7 12.g4 Nc5 13.Bc2 Ng8 14.O-O-O Bd7 15.Rdg1 Qc8 
16.Qe2 Ne7 17.h4 Kg8 18.Nd2 a4 19.Ndb1 Qb7 20.Na3 c6 21.Qd2 Kh7 22.f4 b5 
23.dxc6 Bxc6 24.cxb5 Bxe4 25.Nxe4 Nxe4 26.Qd3 Rac8 27.f5 Qd5 28.Kb1 Qxd3 
29.Bxd3 Nc5 30.Bc2 d5 31.fxg6+ fxg6 32.h5 e4 33.Rd1 Ne6 34.Bxa4 d4 35.Bb3 
dxe3 36.Bxe6 Rcd8 37.Rxd8 Rxd8 38.Nc4 e2 39.Kc2 gxh5 40.gxh5 Nd5 41.Bxd5 
Rxd5 42.b6 1-0

[Event "38th Asia-ch U20"]
[Site "New Delhi IND"]
[Date "2016.05.04"]
[Round "1"]
[White "Saksham, Rautela"]
[Black "Rahul, Srivatshav P"]
[Result "0-1"]
[WhiteElo "1960"]
[BlackElo "2313"]
[EventDate "2016.05.04"]
[PlyCount "0"]

1.e4 c5 2.Nf3 e6 3.d4 cxd4 4.Nxd4 Nc6 5.Nc3 Qc7 6.Be3 a6 7.Qd2 Nf6 8.O-O-O
Bb4 9.f3 Ne7 10.Kb1 d5 11.e5 Nd7 12.f4 Bxc3 13.Qxc3 Qxc3 14.bxc3 b6 15.Be2
Nc5 16.Bf3 Na4 17.Ne2 Ra7 18.Rd4 Bd7 19.Rb4 Nc8 20.f5 Rc7 21.fxe6 fxe6 22.
Rf1 O-O 23.Bd2 Ne7 24.Nd4 b5 25.Re1 Nxc3+ 26.Bxc3 Rxc3 27.Bg4 Rf4 28.Kb2 
Rc8 29.Bh3 a5 30.g3 Rf2 31.Rxb5 Rxh2 32.Rb7 Rxh3 33.Rxd7 Nc6 34.Nxc6 Rxc6 
35.Rd8+ Kf7 36.Rf1+ Kg6 37.Rd6 Rc7 38.Rxe6+ Kg5 39.Rd6 Rh2 40.Rxd5 Rcxc2+ 
41.Kb3 Rb2+ 42.Kc4 Rhc2+ 43.Kd4 Rd2+ 44.Kc5 Rb5+ 45.Kxb5 Rxd5+ 46.Kb6 Rxe5
47.a4 Kg4 48.Rb1 Kxg3 49.Rg1+ Kf4 50.Rxg7 h5 51.Rh7 Kg4 52.Rg7+ Rg5 53.Rc7
h4 54.Rc4+ Kh5 55.Rc3 Rf5 0-1

[Event "38th Asia-ch U20"]
[Site "New Delhi IND"]
[Date "2016.05.05"]
[Round "2"]
[White "Dhulipalla, Bala Chandra Prasad"]
[Black "Aravindh, Chithambaram Vr"]
[Result "0-1"]
[WhiteElo "2280"]
[BlackElo "2528"]
[EventDate "2016.05.04"]
[PlyCount "0"]

1.d4 Nf6 2.Bf4 g6 3.e3 Bg7 4.Nf3 d6 5.h3 O-O 6.Be2 c5 7.c3 Qb6 8.Qb3 Be6 
9.Qxb6 axb6 10.a3 Bd5 11.Nbd2 Bc6 12.Bd3 Nbd7 13.e4 e5 14.dxe5 Nh5 15.Bh2 
dxe5 16.Nc4 Nf4 17.Bxf4 exf4 18.Nd6 Be5 19.Bb5 Bxd6 20.Bxc6 bxc6 21.O-O-O 
Nf6 22.Rxd6 Nxe4 23.Rxc6 Nxf2 24.Rf1 Nd3+ 25.Kc2 Rad8 26.Rd1 c4 27.Rxc4 
Nxb2 28.Rxd8 Nxc4 29.Rxf8+ Kxf8 30.Kb3 Ne3 31.Ne1 g5 32.Kb4 h5 33.Kb5 g4 
34.hxg4 hxg4 35.g3 fxg3 36.Kxb6 g2 37.Nxg2 Nxg2 38.a4 g3 39.a5 Nf4 0-1

[Event "38th Asia-ch U20"]
[Site "New Delhi IND"]
[Date "2016.05.05"]
[Round "2"]
[White "Karthikeyan, Murali"]
[Black "Sammed Jaykumar, Shete"]
[Result "1-0"]
[WhiteElo "2518"]
[BlackElo "2253"]
[EventDate "2016.05.04"]
[PlyCount "0"]

1.e4 e5 2.Nf3 Nc6 3.Bb5 a6 4.Ba4 Nf6 5.O-O Be7 6.Qe2 b5 7.Bb3 O-O 8.d4 d5 
9.dxe5 Nxe4 10.Rd1 Be6 11.c4 bxc4 12.Bxc4 Bc5 13.Be3 Bxe3 14.Qxe3 Qb8 15.
Bb3 Na5 16.Nbd2 Nxd2 17.Rxd2 Nxb3 18.axb3 Qb6 19.Qxb6 cxb6 20.Nd4 Rfc8 21.
f4 g6 22.Kf2 Rc5 23.h3 Bf5 24.g4 Be4 25.Kg3 a5 26.f5 Re8 27.Kf4 h6 28.e6 
Kg7 29.b4 g5+ 30.Ke3 Rc7 31.bxa5 Ra8 32.axb6 Rxa1 33.bxc7 Rc1 34.Nc2 1-0

[Event "38th Asia-ch U20"]
[Site "New Delhi IND"]
[Date "2016.05.05"]
[Round "2"]
[White "Krishna Teja, N"]
[Black "Sunilduth Lyna, Narayanan"]
[Result "0-1"]
[WhiteElo "2216"]
[BlackElo "2507"]
[EventDate "2016.05.04"]
[PlyCount "0"]

1.d4 Nf6 2.c4 e6 3.Nf3 d5 4.Nc3 a6 5.cxd5 exd5 6.Bg5 Be6 7.e3 Nbd7 8.Bd3 
Bd6 9.Qc2 c6 10.Bh4 h6 11.Bg3 Qe7 12.Bxd6 Qxd6 13.Rb1 O-O 14.O-O Bg4 15.
Nd2 c5 16.dxc5 Nxc5 17.Nb3 Nxd3 18.Qxd3 Bh5 19.Qd4 Rac8 20.h3 Rc4 21.Qd2 
b5 22.Na5 Rc7 23.f3 Rfc8 24.Rbc1 Bg6 25.Nb3 b4 26.Ne2 Rc2 27.Qd1 Qe6 28.
Kf2 Rxb2 29.Nd4 Qe8 30.Rxc8 Qxc8 31.Qa4 Bd3 32.Re1 Qc4 33.Qa5 Rxa2 34.Qd8+
Kh7 35.Qe7 Bxe2 36.Rxe2 Rxe2+ 37.Nxe2 b3 0-1

[Event "38th Asia-ch U20"]
[Site "New Delhi IND"]
[Date "2016.05.05"]
[Round "2"]
[White "Mosadeghpour, Masoud"]
[Black "Rakesh, Kumar Nayak"]
[Result "1-0"]
[WhiteElo "2481"]
[BlackElo "2156"]
[EventDate "2016.05.04"]
[PlyCount "0"]

1.e4 e5 2.Nf3 d6 3.d4 exd4 4.Nxd4 Nf6 5.Nc3 Be7 6.Bf4 O-O 7.Qd2 Nc6 8.
O-O-O Bd7 9.f3 a6 10.g4 b5 11.Nf5 Bxf5 12.exf5 b4 13.Ne2 Ne5 14.Qxb4 d5 
15.Qc3 Nc4 16.Ng3 Nxb2 17.Qxb2 Rb8 18.Qc3 d4 19.Rxd4 Ba3+ 20.Kd1 Rb1+ 21.
Ke2 Qe8+ 22.Qe3 Bc5 23.Qxe8 Rxe8+ 24.Re4 Nxe4 25.Nxe4 Bb6 26.Be3 Rb2 27.
Bxb6 cxb6 28.Kd2 Rd8+ 29.Bd3 Rxa2 30.Kc3 Ra3+ 31.Kb4 Ra5 32.Re1 h6 33.h4 
Rd4+ 34.Kb3 Re5 35.h5 b5 36.Ra1 Rd8 37.Rxa6 Kf8 38.Rb6 Rdd5 39.f6 gxf6 40.
Nxf6 Rd8 41.f4 Re6 42.Rxe6 fxe6 43.g5 Kg7 44.Ng4 Rd4 45.gxh6+ 1-0

[Event "38th Asia-ch U20"]
[Site "New Delhi IND"]
[Date "2016.05.05"]
[Round "2"]
[White "Rakesh, Kumar Jena"]
[Black "Mousavi, Seyed Khalil"]
[Result "1/2-1/2"]
[WhiteElo "2179"]
[BlackElo "2425"]
[EventDate "2016.05.04"]
[PlyCount "0"]

1.Nf3 d5 2.d4 Nf6 3.Bf4 g6 4.e3 Bg7 5.Bd3 c5 6.c3 Nc6 7.Nbd2 Nh5 8.Bg3 O-O
9.O-O Nxg3 10.hxg3 Qd6 11.Qa4 c4 12.Be2 Rb8 13.e4 e6 14.Qc2 b5 15.b4 e5 
16.dxe5 Nxe5 17.Rad1 Nxf3+ 18.Nxf3 Bb7 19.Nd4 Qb6 20.exd5 Rbd8 21.a4 a6 
22.axb5 axb5 23.Nc6 Bxc6 24.dxc6 Qxc6 25.Rxd8 Rxd8 26.Rd1 Re8 27.Bg4 Qf6 
28.Bd7 Re5 29.Qd2 h5 30.Re1 Bh6 31.Qd1 Qe7 32.Rxe5 Qxe5 33.Qf3 Bd2 34.Qa8+
Kg7 35.Qf3 h4 36.gxh4 Qe7 37.Bc6 Qe1+ 38.Kh2 Bxc3 39.Bxb5 Be5+ 40.g3 c3 
41.Bd3 Qd2 42.Qe3 1/2-1/2

[Event "38th Asia-ch U20"]
[Site "New Delhi IND"]
[Date "2016.05.05"]
[Round "2"]
[White "Harshal, Shahi"]
[Black "Karthik, V. Ap"]
[Result "1/2-1/2"]
[WhiteElo "2139"]
[BlackElo "2366"]
[EventDate "2016.05.04"]
[PlyCount "0"]

1.e4 e5 2.Nf3 Nc6 3.Bc4 Bc5 4.c3 Nf6 5.d3 d6 6.Bb3 h6 7.Nbd2 O-O 8.O-O a5 
9.a4 Be6 10.h3 Re8 11.Re1 Ba7 12.Nf1 Qd7 13.Ng3 Rad8 14.Bc2 d5 15.Qe2 dxe4
16.dxe4 Kh7 17.Kh2 Qe7 18.Kg1 Nd7 19.Be3 Bxe3 20.Qxe3 Qc5 21.Rab1 Qxe3 22.
Rxe3 Nb6 23.b3 f6 24.Nf1 Rd6 25.Ne1 Nb8 26.Rd3 Red8 27.Rbd1 Na6 28.Ne3 Nc5
29.Rxd6 Rxd6 30.Rxd6 cxd6 31.c4 Nbd7 32.Nd3 Nxd3 33.Bxd3 Nc5 34.Bc2 Kg6 
35.g4 Kg5 36.Ng2 h5 37.f3 hxg4 38.hxg4 g6 39.Kf2 f5 40.gxf5 gxf5 41.Ke3 
fxe4 42.fxe4 Bh3 43.Ne1 Kg4 44.Nd3 Kg3 45.Nf2 Bg2 46.Bd1 b6 47.Bc2 Bf3 48.
Bd1 Bg2 49.Bc2 Ne6 50.Bd1 Bh3 51.Nh1+ Kh2 52.Nf2 Nd4 53.Bg4 Bg2 54.Bd1 Kg3
55.Nd3 Bf1 56.Nf2 Bh3 57.Nd3 Be6 58.Nc1 Bg4 59.Bxg4 Kxg4 60.Na2 Nxb3 61.
Nc3 Nc5 62.Nb5 Nxa4 63.Nxd6 Nb2 64.c5 bxc5 65.Nf7 a4 66.Nxe5+ Kg3 67.Kd2 
a3 68.Kc2 c4 69.Nc6 Nd3 70.Kb1 Kf4 71.Nd4 Nb4 72.Nb5 a2+ 73.Kb2 Kxe4 74.
Nd6+ Kd3 75.Nxc4 Kxc4 76.Ka1 Kd5 77.Kb2 1/2-1/2

[Event "38th Asia-ch U20"]
[Site "New Delhi IND"]
[Date "2016.05.05"]
[Round "2"]
[White "Ojas, Kulkarni"]
[Black "Harsha, Bharathakoti"]
[Result "0-1"]
[WhiteElo "2067"]
[BlackElo "2329"]
[EventDate "2016.05.04"]
[PlyCount "0"]

1.d4 d5 2.c4 e6 3.Nc3 c6 4.e4 dxe4 5.Nxe4 Bb4+ 6.Bd2 Qxd4 7.Bxb4 Qxe4+ 8.
Be2 Na6 9.Ba5 b6 10.Qd6 Bd7 11.Bc3 Nf6 12.Rd1 O-O-O 13.f3 Qg6 14.c5 Kb7 
15.Bxa6+ Kxa6 16.Rd4 Nd5 17.Ne2 e5 18.Ra4+ Kb7 19.Qxg6 hxg6 20.Bxe5 Rhe8 
21.Bd6 Bf5 22.Kf2 Bd3 23.Re1 Bb5 24.Rd4 Ne3 25.Ng3 Nc4 26.Rxe8 Rxe8 27.Bf4
Nxb2 28.Rd7+ Ka6 29.Bd2 Nd3+ 30.Kg1 Ne5 31.Rd6 Nc4 32.Rd7 Nxd2 33.Rxd2 Bc4
34.Ne4 Bd5 35.Nc3 bxc5 36.Nxd5 cxd5 37.Rxd5 Kb6 38.Kf2 c4 39.Rd4 Kb5 40.
Rd7 c3 41.Rxa7 Rc8 42.Rb7+ Ka4 0-1

[Event "38th Asia-ch U20"]
[Site "New Delhi IND"]
[Date "2016.05.05"]
[Round "2"]
[White "Rahul, Srivatshav P"]
[Black "Saurabh, Anand"]
[Result "1-0"]
[WhiteElo "2313"]
[BlackElo "2065"]
[EventDate "2016.05.04"]
[PlyCount "0"]

1.d4 Nf6 2.Bf4 e6 3.e3 d5 4.Nd2 Bd6 5.Bg3 c5 6.c3 O-O 7.Ngf3 Nc6 8.Bd3 Qe7
9.Ne5 Nd7 10.Nxd7 Bxd7 11.Bxd6 Qxd6 12.dxc5 Qxc5 13.Bxh7+ Kxh7 14.Qh5+ Kg8
15.Ne4 Qc4 16.Ng5 Qd3 17.e4 Rfd8 18.Qxf7+ Kh8 19.Rd1 Qc4 20.h4 Ne5 21.Qh5+
Kg8 22.Qh7+ Kf8 23.Rd4 Qxa2 24.exd5 Nf7 25.Qg6 Nxg5 26.hxg5 exd5 27.Rf4+ 
Ke7 28.Rf7+ 1-0

[Event "38th Asia-ch U20"]
[Site "New Delhi IND"]
[Date "2016.05.05"]
[Round "2"]
[White "Charan, Krishn"]
[Black "Pranavananda, V"]
[Result "0-1"]
[WhiteElo "1380"]
[BlackElo "2308"]
[EventDate "2016.05.04"]
[PlyCount "0"]

1.d4 c5 2.c3 Nf6 3.Nf3 e6 4.Bg5 d5 5.Bxf6 Qxf6 6.e3 Nc6 7.Be2 Bd6 8.Nbd2 
O-O 9.O-O Qh6 10.dxc5 Bxc5 11.e4 dxe4 12.Nxe4 Be7 13.Qc1 Qg6 14.Bd3 f5 15.
Ng3 e5 16.Bc4+ Kh8 17.Bd5 e4 18.Bxc6 bxc6 19.Nd4 f4 20.Nge2 Bh3 21.g3 Bxf1
22.Qxf1 c5 23.Nb5 f3 24.Nc1 e3 25.Qc4 exf2+ 26.Kf1 Qh6 27.h4 Qd2 28.Nb3 
Qd7 29.Kxf2 Qh3 30.Qf1 Qh2+ 31.Ke3 Qc2 32.Qf2 Bg5+ 33.hxg5 Rae8# 0-1

[Event "38th Asia-ch U20"]
[Site "New Delhi IND"]
[Date "2016.05.05"]
[Round "2"]
[White "Javanbakht, Nima"]
[Black "Naotunna, Dineth Nimnaka"]
[Result "1-0"]
[WhiteElo "2417"]
[BlackElo "1927"]
[EventDate "2016.05.04"]
[PlyCount "0"]

1.Nf3 d5 2.c4 e6 3.b3 Nf6 4.Bb2 Be7 5.g3 O-O 6.Bg2 Nbd7 7.O-O b6 8.cxd5 
exd5 9.Nc3 Bb7 10.d4 Ne4 11.Qc2 f5 12.Rac1 Rc8 13.Nb5 c5 14.dxc5 Rxc5 15.
Qd3 Ba6 16.a4 Bxb5 17.axb5 Bf6 18.Bxf6 Ndxf6 19.Nd4 Qd7 20.b4 Rcc8 21.f3 
Nd6 22.Bh3 g6 23.Rc6 Nc4 24.Nxf5 Kh8 25.Ne7 Qxh3 26.Nxc8 Ne5 27.Rxf6 Nxd3 
28.Rxf8+ Kg7 29.Re8 Nb2 30.Ra1 Nc4 31.Rxa7+ Kf6 32.Ne7 Kg5 33.Nxd5 Qf5 34.
h4+ Kh6 35.g4 Qxd5 36.g5+ 1-0

[Event "38th Asia-ch U20"]
[Site "New Delhi IND"]
[Date "2016.05.05"]
[Round "3"]
[White "Aravindh, Chithambaram Vr"]
[Black "Mosadeghpour, Masoud"]
[Result "1/2-1/2"]
[WhiteElo "2528"]
[BlackElo "2481"]
[EventDate "2016.05.04"]
[PlyCount "0"]

1.e4 e5 2.Nf3 Nf6 3.d4 exd4 4.e5 Ne4 5.Qxd4 d5 6.exd6 Nxd6 7.Nc3 Nc6 8.Qf4
Nf5 9.Bb5 Bd6 10.Qe4+ Ne7 11.Bg5 h6 12.Bxe7 Qxe7 13.Qxe7+ Kxe7 14.Bxc6 
bxc6 15.O-O-O Rd8 16.Nd4 Bd7 17.Ne4 f5 18.Nxd6 cxd6 19.Rhe1+ Kf6 20.Nb3 
Be8 21.Rd2 Rab8 22.Red1 Ke7 23.Re1+ Kf6 24.Nd4 Bd7 25.Red1 Ke7 26.c4 g5 
27.h4 gxh4 28.Re1+ Kf6 29.Rh1 c5 30.Ne2 Be6 31.Rxh4 Kg5 32.g3 Bf7 33.Nc3 
Rb7 34.b3 Rbd7 35.Na4 Rc7 36.Kb2 d5 37.cxd5 Rxd5 38.f4+ Kg6 39.Rdh2 c4 40.
Rxh6+ Kg7 41.Rh7+ Kg8 42.Rh8+ Kg7 43.R8h7+ Kg8 44.b4 Rb7 45.a3 Re7 46.Nc5 
a5 47.Rh8+ Kg7 48.R2h7+ Kg6 49.Rh2 axb4 50.axb4 Re3 51.R8h7 Rd2+ 52.Rxd2 
c3+ 53.Kc2 cxd2 54.Kxd2 Rxg3 55.Rh8 Rf3 56.Nd3 Kg7 57.Rh4 Bd5 58.Ke2 Be4 
59.Nc5 Rc3 60.Nxe4 fxe4 61.Rh5 Rb3 62.b5 Kf6 63.Re5 e3 64.Kf3 Kf7 65.Rh5 
Kf6 66.Rg5 Kf7 67.Rc5 Ke6 68.Ke2 Kf6 69.Rh5 Kg7 70.Rc5 Kf6 71.Kf3 Kf7 72.
Rc7+ Ke6 73.Rc6+ Kf5 74.Rc5+ Ke6 75.Rc6+ Kf5 76.Rh6 e2+ 77.Kxe2 Kxf4 78.b6
Ke5 79.Kd2 Kd5 80.Kc2 Rb4 81.Kc3 Rb1 82.Kc2 Rb4 83.Kc3 Rb1 84.b7 Rxb7 
1/2-1/2

[Event "38th Asia-ch U20"]
[Site "New Delhi IND"]
[Date "2016.05.05"]
[Round "3"]
[White "Harsha, Bharathakoti"]
[Black "Karthikeyan, Murali"]
[Result "0-1"]
[WhiteElo "2329"]
[BlackElo "2518"]
[EventDate "2016.05.04"]
[PlyCount "0"]

1.d4 Nf6 2.c4 g6 3.Nc3 Bg7 4.e4 d6 5.Nf3 O-O 6.h3 e5 7.d5 Nh5 8.g3 f5 9.
exf5 gxf5 10.Ng5 Nf6 11.Bg2 Na6 12.O-O h6 13.Nf3 Nc5 14.Be3 Nce4 15.Nxe4 
Nxe4 16.Nh4 Ng5 17.f4 exf4 18.Bxf4 Bxb2 19.Rb1 Bg7 20.Qh5 Qe8 21.Qxe8 Rxe8
22.Bxg5 hxg5 23.Nxf5 b6 24.Nxg7 Kxg7 25.Rfe1 Bf5 26.Rbd1 a5 27.Kf2 Kf6 28.
Bf3 Rxe1 29.Rxe1 Rh8 30.g4 Bd3 31.Kg3 Bxc4 32.Rc1 Bxa2 33.Rxc7 b5 34.Ra7 
a4 35.Be2 Rb8 36.Ra5 Bxd5 37.Bxb5 a3 0-1

[Event "38th Asia-ch U20"]
[Site "New Delhi IND"]
[Date "2016.05.05"]
[Round "3"]
[White "Sunilduth Lyna, Narayanan"]
[Black "Rahul, Srivatshav P"]
[Result "1-0"]
[WhiteElo "2507"]
[BlackElo "2313"]
[EventDate "2016.05.04"]
[PlyCount "0"]

1.e4 c5 2.Nf3 e6 3.c3 Nf6 4.e5 Nd5 5.Bc4 Nb6 6.Bb3 d6 7.exd6 Bxd6 8.d4 O-O
9.O-O N8d7 10.Qe2 Re8 11.Rd1 Qc7 12.a4 Nf6 13.Bg5 Nbd5 14.Na3 a6 15.Nc4 
Bf8 16.Qe5 Qb8 17.a5 cxd4 18.Qxd4 Nd7 19.Ba4 Bc5 20.Qd2 Rf8 21.b4 Ba7 22.
Ne3 Nxe3 23.Bxe3 b5 24.axb6 Nxb6 25.Bc5 Nc4 26.Qe2 Bxc5 27.bxc5 Na5 28.Bc2
Nb7 29.c6 Nc5 30.Qe3 Qb6 31.Ne5 Qb2 32.Bxh7+ Kxh7 33.Qxc5 Kg8 34.h4 Qe2 
35.Nc4 Rb8 36.Rd2 Qe4 37.Nd6 Qxh4 38.c7 Ra8 39.Rd4 Qf6 40.Rad1 e5 41.Ne4 
Qf5 42.Rd8 Bb7 43.Qxf8+ Kh7 44.Qxf7 1-0

[Event "38th Asia-ch U20"]
[Site "New Delhi IND"]
[Date "2016.05.05"]
[Round "3"]
[White "Pranavananda, V"]
[Black "Gajwa, Ankit"]
[Result "1/2-1/2"]
[WhiteElo "2308"]
[BlackElo "2288"]
[EventDate "2016.05.04"]
[PlyCount "0"]

1.e4 c5 2.Nf3 d6 3.Bb5+ Nd7 4.d4 Nf6 5.e5 cxd4 6.Qxd4 dxe5 7.Nxe5 a6 8.
Nxd7 Bxd7 9.Bxd7+ Qxd7 10.Qxd7+ Kxd7 11.Nc3 e6 12.Bg5 Be7 13.O-O-O+ Kc6 
14.Rd4 b5 15.Ne4 e5 16.Bxf6 exd4 17.Bxg7 Rhg8 18.Bxd4 Kd5 19.c3 Kxe4 20.
Re1+ Kd5 21.Rxe7 Rxg2 22.Re5+ Kd6 23.Rh5 Re8 24.Kd2 Re6 25.Rxh7 f5 26.Rf7 
Rxh2 27.Rxf5 Rh4 28.a4 bxa4 29.Ra5 Kc7 30.Rxa4 Rh5 31.Ra1 a5 32.Rg1 Kc6 
33.Rg8 Rb5 34.c4 Rb4 35.Kc3 Re2 36.Rg6+ Kd7 37.b3 Ra2 38.Bc5 Rb8 39.Ra6 
Rc8 40.Bb6 Rf8 41.Bxa5 Rf3+ 42.Kb4 Rb2 43.Ra7+ Ke6 44.Ra6+ Kd7 45.Kc5 
Rbxb3 46.Rd6+ Ke8 47.Be1 Rb1 48.Re6+ Kd7 49.Re4 Rxe1 50.Rxe1 Rxf2 51.Rh1 
Rf6 52.Rh7+ Kc8 53.Ra7 Rh6 54.Kb5 Rg6 55.Ra8+ Kb7 56.Rh8 Rg5+ 57.c5 Rg6 
58.Rh7+ Kc8 59.Rh5 Rf6 60.Rg5 Rh6 61.Kc4 Rf6 62.Kd5 Rh6 63.Rg7 Rf6 64.Rg1 
Kc7 65.Rg7+ Kc8 66.Re7 Rh6 67.Ke5 Rh5+ 68.Kd6 Rh6+ 69.Re6 Rxe6+ 70.Kxe6 
Kc7 71.Kd5 Kd7 72.c6+ Kc7 73.Kc5 Kc8 74.Kd6 Kd8 75.c7+ Kc8 76.Kc6 1/2-1/2

[Event "38th Asia-ch U20"]
[Site "New Delhi IND"]
[Date "2016.05.05"]
[Round "3"]
[White "Mousavi, Seyed Khalil"]
[Black "Shailesh, Dravid"]
[Result "1-0"]
[WhiteElo "2425"]
[BlackElo "2216"]
[EventDate "2016.05.04"]
[PlyCount "0"]

1.Nf3 Nf6 2.g3 g6 3.Bg2 Bg7 4.O-O O-O 5.c4 d6 6.Nc3 e5 7.d3 Nc6 8.Rb1 a5 
9.a3 h6 10.Ne1 Be6 11.Nd5 Nh5 12.b4 axb4 13.axb4 Qd7 14.b5 Nd8 15.e3 f5 
16.f4 exf4 17.gxf4 Nf6 18.Nc2 Qf7 19.Nxf6+ Bxf6 20.Nb4 Kh7 21.Bb2 Qg7 22.
Bxf6 Qxf6 23.Ra1 Rb8 24.Kh1 Rg8 25.Qd2 Rg7 26.Ra2 Nf7 27.Qb2 Qh4 28.Qd4 h5
29.Qa7 Rbg8 30.Qxb7 Nh6 31.Qf3 Ng4 32.Qh3 Qf6 33.Nd5 Bxd5 34.Bxd5 Re8 35.
e4 h4 36.Qf3 Qd4 37.Rg2 Qe3 38.Re2 Qxf3+ 39.Rxf3 fxe4 40.Rh3 g5 41.fxg5 
Rxg5 42.Rxh4+ Nh6 43.Rexe4 Rxe4 44.Rxe4 Ng4 45.Rf4 Ne3 46.Be4+ Kg7 47.Rf3 
Nc2 48.Rf2 Nd4 49.h4 Rh5 50.Rf4 Ne6 51.Rg4+ Kf6 52.Kg2 Ke5 53.Kg3 Rh8 54.
Bd5 Kf5 55.Re4 Nc5 56.Rf4+ Kg6 57.d4 Nd7 58.Be4+ Kg7 59.Rg4+ Kf6 60.Kf4 
Nf8 61.Ke3 Ne6 62.Kd3 Rh6 63.Bd5 Nd8 64.Rf4+ Ke7 65.Ke4 Rh5 66.Kf3 Rh7 67.
Kg4 Rg7+ 68.Kh5 Rg1 69.Re4+ Kd7 70.Rg4 Rd1 71.Kg6 Ne6 72.Bxe6+ Kxe6 73.h5 
Rf1 74.h6 Rf6+ 75.Kg7 1-0

[Event "38th Asia-ch U20"]
[Site "New Delhi IND"]
[Date "2016.05.05"]
[Round "3"]
[White "Kumar, Gaurav"]
[Black "Javanbakht, Nima"]
[Result "1/2-1/2"]
[WhiteElo "2212"]
[BlackElo "2417"]
[EventDate "2016.05.04"]
[PlyCount "0"]

1.e4 c5 2.Nf3 Nc6 3.d4 cxd4 4.Nxd4 e5 5.Nb5 d6 6.c4 Be7 7.N1c3 a6 8.Na3 f5
9.exf5 Bxf5 10.Nc2 Nf6 11.Be2 O-O 12.O-O Rc8 13.Be3 Kh8 14.Rc1 Qe8 15.f3 
Qg6 16.Kh1 b5 17.cxb5 axb5 18.Nxb5 d5 19.Bg1 d4 20.Ne1 Nd5 21.g3 Ncb4 22.
a3 Rxc1 23.Qxc1 Rc8 24.Qd2 Nc2 25.Nd3 Bg5 26.Qd1 Qe6 27.Nxe5 Nde3 28.Bxe3 
Nxe3 29.Qxd4 Nxf1 30.Bxf1 Rc1 31.g4 Rxf1+ 32.Kg2 Re1 33.f4 Bxg4 34.Nc7 
Qc6+ 35.Nxc6 Bh4 36.Qc3 Re2+ 37.Kf1 Rf2+ 38.Kg1 Bf3 39.Ne5 Rg2+ 40.Kf1 
Rf2+ 41.Kg1 Rg2+ 42.Kf1 Rf2+ 43.Kg1 Rg2+ 44.Kf1 Rf2+ 45.Kg1 1/2-1/2